FIVB Volleyball Men's Nations League (VNL) Top 4 Positions - Statistics

General Stats
  • This quiz has been taken 348 times
    196 since last reset
  • The average score is 7 of 8
Answer Stats
Winner % Correct
United States
99%
France
98%
Italy
96%
Poland
96%
Brazil
95%
Japan
95%
Russia
89%
Slovenia
72%
No matching quizzes found
Score Distribution
Percent of People with Each Score
Percentile by Number Answered
Your Score History
You have not taken this quiz since the last reset